| 000 | 00497nam a2200169Ia 4500 | ||
|---|---|---|---|
| 008 | 090201s9999 xx 000 0 und d | ||
| 010 | _aKPL-42416 | ||
| 040 | _bमराठी | ||
| 041 | _aमराठी | ||
| 082 |
_a8743 _b42416 |
||
| 100 | _aबबन पोतदार | ||
| 245 |
_aगुंजेचा पाल _cबबन पोतदार |
||
| 260 |
_c2004 _bसुलेखा |
||
| 300 |
_a144 _bमोठा |
||
| 600 | _aगुंजेचा पाल | ||
| 942 | _cBOOK | ||
| 999 |
_c209301 _d209301 |
||